000 00508nam a22002177a 4500
003 UA-OsUOA
001 56663
007 ta
008 20081105b un ||||| |||| 00| 0 ukr d
100 _aШвагуляк-Шостак О.
090 _a32
_bШ33
942 _cSA
040 _aUA-OsUOA
_bukr
_cUA-OsUOA
_dUA-OsUOA
245 _aГалицька політреформа
300 _aС.76-78
955 _a0
041 _aukr
080 _a32
773 0 _w56656
650 7 _a32 Політика
_2UDC
999 _c342755
_d342755